[Event "42nd POL-ch"]
[Site "Gdynia POL"]
[Date "1985.02.14"]
[Round "8"]
[White "Pytel, Krzysztof"]
[Black "Adamski, Jan"]
[Result "1/2-1/2"]
[WhiteElo "2405"]
[BlackElo "2450"]
[PlyCount "37"]
[EventDate "1985.02.07"]

1. e4 c5 2. Nf3 e6 3. d3 Nc6 4. g3 Nge7 5. Bg2 g6 6. O-O Bg7 7. Re1 d6 8. c3 e5
9. a3 O-O 10. b4 cxb4 11. axb4 b5 12. Na3 Rb8 13. Bb2 a5 14. bxa5 Qxa5 15. Nc2
Qc7 16. Nb4 Nxb4 17. cxb4 Nc6 18. Qd2 Bd7 19. Rec1 1/2-1/2

[Event "42nd POL-ch"]
[Site "Gdynia POL"]
[Date "1985.02.14"]
[Round "8"]
[White "Sygulski, Artur"]
[Black "Kuczynski, Robert"]
[Result "1-0"]
[WhiteElo "2445"]
[BlackElo "2415"]
[PlyCount "117"]
[EventDate "1985.02.07"]

1. c4 c6 2. g3 d5 3. Bg2 Nf6 4. Qc2 Bg4 5. h3 Bh5 6. Nf3 Nbd7 7. O-O e6 8. b3
Be7 9. Bb2 O-O 10. Nc3 Nc5 11. d3 a5 12. Rac1 Nfd7 13. Rfe1 a4 14. b4 a3 15.
Ba1 Na6 16. b5 Nac5 17. Nd4 Qc7 18. bxc6 bxc6 19. cxd5 cxd5 20. Bxd5 Rac8 21.
Bg2 Nb8 22. Ne4 Qa5 23. Qd2 Qxd2 24. Nxd2 Na4 25. Rb1 Nc3 26. Bxc3 Rxc3 27. Ne4
Rc7 28. Rec1 Rd7 29. Nf3 f6 30. Nc5 Rd6 31. Rb7 Re8 32. Rcb1 Nc6 33. Ne4 Rdd8
34. Rc1 Bxf3 35. Bxf3 Nd4 36. Nd2 Rb8 37. Rcc7 Rxb7 38. Rxb7 Bf8 39. Kg2 Nc2
40. Bc6 Re7 41. Rb8 Rc7 42. Ba4 Kf7 43. Nc4 Nd4 44. Kf1 g6 45. e3 Nf3 46. Bb3
Ne5 47. Nxe5+ fxe5 48. Rb6 Re7 49. Ke2 Kf6 50. Kf3 h5 51. Ke4 Re8 52. f4 exf4
53. gxf4 Bc5 54. Rc6 Bf8 55. d4 Kf7 56. Ra6 Kf6 57. d5 Kg7 58. d6 Rd8 59. Ke5
1-0

[Event "42nd POL-ch"]
[Site "Gdynia POL"]
[Date "1985.02.14"]
[Round "8"]
[White "Szymczak, Zbigniew"]
[Black "Pokojowczyk, Jerzy"]
[Result "1/2-1/2"]
[WhiteElo "2335"]
[BlackElo "2405"]
[PlyCount "64"]
[EventDate "1985.02.07"]

1. d4 Nf6 2. c4 e6 3. Nc3 Bb4 4. e3 c5 5. Nge2 cxd4 6. exd4 d5 7. a3 Be7 8. c5
b6 9. b4 O-O 10. g3 Ne4 11. Nxe4 dxe4 12. Bg2 f5 13. O-O Bf6 14. Be3 bxc5 15.
bxc5 Bb7 16. Nf4 Bd5 17. Qa4 Qe8 18. Qxe8 Rxe8 19. Rfd1 Nc6 20. Nxd5 exd5 21.
Bf1 Reb8 22. Bh3 g6 23. g4 Rb3 24. gxf5 g5 25. Bg4 Rab8 26. Kh1 Kf8 27. Bh5 Ke7
28. h4 h6 29. hxg5 Bxg5 30. Rg1 Kf6 31. Rg3 Ne7 32. Bg6 Rb1+ 1/2-1/2

[Event "42nd POL-ch"]
[Site "Gdynia POL"]
[Date "1985.02.14"]
[Round "8"]
[White "Zolnierowicz, Krzysztof"]
[Black "Staniszewski, Piotr"]
[Result "1/2-1/2"]
[WhiteElo "2270"]
[BlackElo "2365"]
[PlyCount "99"]
[EventDate "1985.02.07"]

1. e4 c5 2. Nf3 d6 3. d4 cxd4 4. Nxd4 Nf6 5. Nc3 a6 6. Bg5 e6 7. f4 Qb6 8. Qd2
Qxb2 9. Nb3 Nc6 10. Bxf6 gxf6 11. Be2 d5 12. Nd1 Qa3 13. exd5 exd5 14. Ne3 Be6
15. O-O d4 16. Ng4 Bg7 17. f5 Bxb3 18. axb3 Qb4 19. Qxb4 Nxb4 20. Bf3 h5 21.
Nf2 Nxc2 22. Ra4 O-O 23. Bxb7 Rab8 24. Bxa6 Rxb3 25. Bd3 Ne3 26. Rfa1 Rd8 27.
Ra8 Rxa8 28. Rxa8+ Bf8 29. Rd8 Kg7 30. Rd7 h4 31. Ra7 Ba3 32. Be4 Bc5 33. Rb7
Bb6 34. h3 d3 35. Nxd3 Nxf5+ 36. Rxb6 Rxb6 37. Bxf5 Rb5 38. Be4 f5 39. Bf3 Kf6
40. Kf2 Kg5 41. Be2 Ra5 42. Ne1 f6 43. Bc4 Ra4 44. Bd3 Ra2+ 45. Ke3 Rb2 46. Nc2
Ra2 47. Kf3 Ra4 48. Ne3 Ra3 49. Ke2 Kf4 50. Nd5+ 1/2-1/2

[Event "42nd POL-ch"]
[Site "Gdynia POL"]
[Date "1985.02.15"]
[Round "9"]
[White "Adamski, Jan"]
[Black "Cichocki, Adam"]
[Result "1/2-1/2"]
[WhiteElo "2450"]
[BlackElo "2250"]
[PlyCount "43"]
[EventDate "1985.02.07"]

1. c4 c6 2. Nf3 d5 3. d4 Nf6 4. Qc2 g6 5. Bf4 Bf5 6. Qb3 Qb6 7. c5 Qxb3 8. axb3
Nbd7 9. h3 Bg7 10. b4 O-O 11. e3 Rfe8 12. Be2 Bxb1 13. Rxb1 Ne4 14. Bd3 e5 15.
dxe5 Nxe5 16. Bxe5 Bxe5 17. Bxe4 dxe4 18. Nd2 Bc7 19. Ke2 Kf8 20. Rhd1 Rad8 21.
Nc4 Ke7 22. Ra1 1/2-1/2

[Event "42nd POL-ch"]
[Site "Gdynia POL"]
[Date "1985.02.15"]
[Round "9"]
[White "Jasnikowski, Zbigniew"]
[Black "Szymczak, Zbigniew"]
[Result "1/2-1/2"]
[WhiteElo "2405"]
[BlackElo "2335"]
[PlyCount "42"]
[EventDate "1985.02.07"]

1. c4 c5 2. Nf3 Nf6 3. Nc3 e6 4. g3 b6 5. Bg2 Bb7 6. O-O Be7 7. d4 cxd4 8. Qxd4
d6 9. Rd1 a6 10. b3 Nbd7 11. e4 Qc7 12. Ba3 Nc5 13. e5 dxe5 14. Qxe5 Rc8 15.
Qxc7 Rxc7 16. Ne5 Bxg2 17. Kxg2 Ncd7 18. Bxe7 Kxe7 19. Nxd7 Nxd7 20. Re1 Nf6
21. Nd5+ Nxd5 1/2-1/2

[Event "42nd POL-ch"]
[Site "Gdynia POL"]
[Date "1985.02.15"]
[Round "9"]
[White "Kojder, Konrad"]
[Black "Pytel, Krzysztof"]
[Result "1/2-1/2"]
[WhiteElo "2370"]
[BlackElo "2405"]
[PlyCount "85"]
[EventDate "1985.02.07"]

1. d4 e6 2. c4 Nf6 3. Nc3 Bb4 4. Bd2 d5 5. e3 O-O 6. a3 Be7 7. Qc2 b6 8. cxd5
exd5 9. b4 a6 10. Bd3 Bb7 11. Rb1 Nbd7 12. a4 Bd6 13. Nge2 Qe7 14. b5 a5 15.
Ng3 g6 16. f3 Rfe8 17. O-O Nf8 18. Rbe1 Bxg3 19. hxg3 Nh5 20. Ne2 f5 21. Kf2
Rac8 22. Qa2 Kg7 23. Rh1 Nf6 24. Rhf1 Ne6 25. Rc1 Nd8 26. Rc3 Qf7 27. Kg1 Re7
28. Rfc1 Ne6 29. Qb3 Ne8 30. Qb1 Nd6 31. Qa2 Kh8 32. Qb1 g5 33. Qa1 Rf8 34. Rf1
Qg7 35. Rcc1 h5 36. Kf2 Ne4+ 37. Bxe4 fxe4 38. f4 gxf4 39. gxf4 Qg4 40. Rh1 Rg7
41. Rh2 Kg8 42. Rch1 c6 43. Qg1 1/2-1/2

[Event "42nd POL-ch"]
[Site "Gdynia POL"]
[Date "1985.02.15"]
[Round "9"]
[White "Kuczynski, Robert"]
[Black "Nowak, Ignacy"]
[Result "1/2-1/2"]
[WhiteElo "2415"]
[BlackElo "2395"]
[PlyCount "62"]
[EventDate "1985.02.07"]

1. e4 c5 2. Nf3 e6 3. Nc3 d6 4. g3 Nc6 5. Bg2 Nf6 6. O-O Bd7 7. d3 Be7 8. Bf4
Qb8 9. h3 O-O 10. g4 Ne8 11. Ne2 Ne5 12. Ng3 Bf6 13. Rb1 a5 14. Ne1 Ng6 15. Bd2
e5 16. Nh5 Be7 17. f4 exf4 18. Nxf4 Nxf4 19. Bxf4 Be6 20. c4 Nf6 21. a4 Nd7 22.
Nf3 Ne5 23. b3 Nxf3+ 24. Qxf3 Bf6 25. Bd2 Be5 26. Kh1 Qc8 27. Qe2 b6 28. Rf3
Qd7 29. Qf1 Rae8 30. Qf2 Qe7 31. Rf1 Rc8 1/2-1/2

[Event "42nd POL-ch"]
[Site "Gdynia POL"]
[Date "1985.02.15"]
[Round "9"]
[White "Pokojowczyk, Jerzy"]
[Black "Zolnierowicz, Krzysztof"]
[Result "0-1"]
[WhiteElo "2405"]
[BlackElo "2270"]
[PlyCount "84"]
[EventDate "1985.02.07"]

1. e4 e5 2. Nf3 Nc6 3. Bc4 Nf6 4. d3 Bc5 5. Bb3 O-O 6. O-O d6 7. c3 Bg4 8. Nbd2
h6 9. h3 Bh5 10. Re1 Nh7 11. Nf1 Qf6 12. Ng3 Bxf3 13. Qxf3 Qxf3 14. gxf3 Ng5
15. Kg2 Ne6 16. Ne2 g5 17. h4 Nf4+ 18. Nxf4 gxf4 19. Rg1 Kg7 20. Kf1+ Kf6 21.
Bd2 Rg8 22. Ke2 Ne7 23. Rg4 h5 24. Rxg8 Rxg8 25. Rh1 Ng6 26. a4 Bb6 27. Ba2 c6
28. b4 Bd8 29. d4 Kg7 30. dxe5 dxe5 31. c4 Bxh4 32. Bc3 Rd8 33. c5 Rd7 34. b5
Kh6 35. bxc6 bxc6 36. Bc4 Bf6 37. Rb1 Kg7 38. Ba6 Be7 39. Bc8 Rd8 40. Bf5 Kf6
41. Rb4 Nh4 42. Bh3 Nxf3 0-1

[Event "42nd POL-ch"]
[Site "Gdynia POL"]
[Date "1985.02.15"]
[Round "9"]
[White "Staniszewski, Piotr"]
[Black "Bany, Jerzy"]
[Result "1/2-1/2"]
[WhiteElo "2365"]
[BlackElo "2435"]
[PlyCount "47"]
[EventDate "1985.02.07"]

1. e4 e6 2. d4 d5 3. Nd2 c5 4. exd5 exd5 5. Ngf3 Nc6 6. Bb5 Bd6 7. dxc5 Bxc5 8.
O-O Nge7 9. Nb3 Bd6 10. Bg5 O-O 11. Re1 Qc7 12. Bh4 Nf5 13. Bg3 Nxg3 14. hxg3
Qb6 15. Qxd5 Bxg3 16. Qc5 Bc7 17. Bxc6 bxc6 18. Ne5 Qxc5 19. Nxc5 Bd6 20. Ncd3
Ba6 21. Nxc6 Rfc8 22. Ne7+ Bxe7 23. Rxe7 Rxc2 24. Nb4 1/2-1/2

[Event "42nd POL-ch"]
[Site "Gdynia POL"]
[Date "1985.02.15"]
[Round "9"]
[White "Sygulski, Artur"]
[Black "Sygulski, Boguslaw"]
[Result "1/2-1/2"]
[WhiteElo "2445"]
[BlackElo "2270"]
[PlyCount "25"]
[EventDate "1985.02.07"]

1. e4 c5 2. Nf3 Nc6 3. b3 e5 4. Bb5 d6 5. O-O Nf6 6. Re1 Be7 7. h3 O-O 8. c3
Qb6 9. Bxc6 bxc6 10. d4 cxd4 11. cxd4 exd4 12. Nxd4 Re8 13. Nc3 1/2-1/2

[Event "42nd POL-ch"]
[Site "Gdynia POL"]
[Date "1985.02.15"]
[Round "9"]
[White "Tomaszewski, Roman"]
[Black "Dejkalo, Stefan"]
[Result "1-0"]
[WhiteElo "2405"]
[BlackElo "2325"]
[PlyCount "115"]
[EventDate "1985.02.07"]

1. d4 Nf6 2. c4 e6 3. Nc3 Bb4 4. Qc2 O-O 5. Nf3 b6 6. e4 d5 7. cxd5 exd5 8. e5
Ne4 9. Bd3 f5 10. exf6 Nxf6 11. O-O Ba6 12. Bxa6 Nxa6 13. a3 Bxc3 14. Qxc3 c5
15. dxc5 bxc5 16. b4 Qd6 17. bxc5 Nxc5 18. Be3 Ne6 19. Qb4 Rfd8 20. Rfd1 Qxb4
21. axb4 a6 22. h3 Rdb8 23. Ra4 Ne4 24. Rda1 Nc7 25. Bf4 Ra7 26. Rc1 Rbb7 27.
Nd4 Nb5 28. Rc8+ Kf7 29. Be3 Nbd6 30. Rc6 Nc4 31. Bf4 g5 32. Bc1 Ne5 33. Rh6
Kg8 34. f3 Nc3 35. Ra3 Rxb4 36. Rxc3 Rxd4 37. Bxg5 Nf7 38. Rc8+ Kg7 39. Bf6+
Kxh6 40. Bxd4 Rb7 41. Rc6+ Kg5 42. Rxa6 Rb4 43. Bc5 Rc4 44. Be3+ Kf5 45. Ra7
Ke6 46. Kf2 d4 47. Bf4 h5 48. Ra6+ Kf5 49. g3 Rc2+ 50. Ke1 Rh2 51. h4 Rb2 52.
Ra5+ Kg6 53. Rd5 Rb4 54. Kd2 Kf6 55. Rxh5 Rb2+ 56. Kd3 Rb3+ 57. Ke4 Ke6 58. Rd5
1-0

[Event "42nd POL-ch"]
[Site "Gdynia POL"]
[Date "1985.02.17"]
[Round "10"]
[White "Bany, Jerzy"]
[Black "Pokojowczyk, Jerzy"]
[Result "1-0"]
[WhiteElo "2435"]
[BlackElo "2405"]
[PlyCount "67"]
[EventDate "1985.02.07"]

1. Nf3 Nf6 2. c4 c5 3. g3 b6 4. Bg2 Bb7 5. Nc3 g6 6. b3 Bg7 7. Bb2 e6 8. d4 d5
9. dxc5 bxc5 10. cxd5 exd5 11. O-O O-O 12. Ne1 Na6 13. Nd3 Qe7 14. Na4 Rac8 15.
Rc1 Ne4 16. Bxg7 Kxg7 17. Bxe4 dxe4 18. Ndxc5 Rfd8 19. Qe1 Nxc5 20. Qc3+ Kg8
21. Nxc5 Rd5 22. b4 e3 23. Qxe3 Re5 24. Nxb7 Rxe3 25. Rxc8+ Kg7 26. fxe3 Qxb7
27. Rc4 Qb6 28. Rf3 Qa6 29. Rc2 f5 30. Rf4 h5 31. h4 Qd6 32. Kf2 Qd1 33. Rfc4
Qh1 34. Rc1 1-0

[Event "42nd POL-ch"]
[Site "Gdynia POL"]
[Date "1985.02.17"]
[Round "10"]
[White "Cichocki, Adam"]
[Black "Kojder, Konrad"]
[Result "1/2-1/2"]
[WhiteElo "2250"]
[BlackElo "2370"]
[PlyCount "27"]
[EventDate "1985.02.07"]

1. e4 c5 2. Bc4 e6 3. Nc3 a6 4. a4 Nc6 5. Nf3 Nf6 6. d4 cxd4 7. Nxd4 Qc7 8.
Nxc6 bxc6 9. Qe2 Be7 10. e5 Nd5 11. Nxd5 cxd5 12. Bd3 O-O 13. O-O f5 14. b3
1/2-1/2

[Event "42nd POL-ch"]
[Site "Gdynia POL"]
[Date "1985.02.17"]
[Round "10"]
[White "Dejkalo, Stefan"]
[Black "Szymczak, Zbigniew"]
[Result "1/2-1/2"]
[WhiteElo "2325"]
[BlackElo "2335"]
[PlyCount "148"]
[EventDate "1985.02.07"]

1. c4 Nf6 2. Nc3 d6 3. d4 Nbd7 4. e4 e5 5. Nf3 g6 6. Be2 Bg7 7. O-O O-O 8. Be3
c6 9. Qc2 Ng4 10. Bg5 f6 11. Bd2 Qe7 12. h3 Nh6 13. Rad1 f5 14. Bg5 Qe8 15.
dxe5 dxe5 16. b4 a5 17. a3 axb4 18. axb4 Kh8 19. c5 Nf7 20. Bc1 Nf6 21. Rfe1 f4
22. Na4 Be6 23. Nb6 Rd8 24. Bb2 Nd7 25. Nc4 Qe7 26. Nd6 Nb8 27. Nxf7+ Bxf7 28.
Rxd8 Rxd8 29. Rd1 Rxd1+ 30. Qxd1 Nd7 31. Qa1 Qe8 32. Qa7 Qc8 33. Nd2 Qb8 34.
Qxb8+ Nxb8 35. Bg4 Na6 36. Bc3 Nc7 37. Nf3 Be6 38. Bxe6 Nxe6 39. Bxe5 Bxe5 40.
Nxe5 Kg7 41. h4 Kf6 42. Nd3 h6 43. Kh2 g5 44. Kh3 Nc7 45. Kg4 Kg6 46. Ne5+ Kf6
47. Nd3 Kg6 48. hxg5 hxg5 49. g3 fxg3 50. fxg3 Na6 51. Ne5+ Kf6 52. Nd3 Kg6 53.
Kf3 Nc7 54. g4 Kf6 55. e5+ Ke6 56. Ke4 Nb5 57. Ne1 Nc3+ 58. Kd3 Nd1 59. Nf3
Nf2+ 60. Kd4 Nxg4 61. Nxg5+ Kf5 62. Nf7 Ke6 63. Nd8+ Kf5 64. Nxb7 Nxe5 65. Nd6+
Ke6 66. Nc4 Nf3+ 67. Kc3 Kd7 68. Nd2 Ng5 69. Kd4 Ne6+ 70. Kc4 Ng5 71. Kd4 Ne6+
72. Kc4 Ng5 73. Nb3 Nf3 74. Nc1 Ne5+ 1/2-1/2

[Event "42nd POL-ch"]
[Site "Gdynia POL"]
[Date "1985.02.17"]
[Round "10"]
[White "Nowak, Ignacy"]
[Black "Sygulski, Boguslaw"]
[Result "1-0"]
[WhiteElo "2395"]
[BlackElo "2270"]
[PlyCount "81"]
[EventDate "1985.02.07"]

1. d4 Nf6 2. c4 g6 3. Nc3 Bg7 4. e4 d6 5. f3 O-O 6. Be3 e5 7. Nge2 exd4 8. Nxd4
c6 9. Be2 Re8 10. Qd2 Nbd7 11. O-O a5 12. Rfd1 a4 13. Rab1 Qe7 14. Nc2 Bf8 15.
Bf4 Ne5 16. Bg5 Ned7 17. Kh1 Qd8 18. b4 axb3 19. axb3 Qc7 20. g3 Nh5 21. Bh6
Ng7 22. Ne3 Re6 23. f4 Nf6 24. Bf3 Nge8 25. Bxf8 Kxf8 26. g4 Kg8 27. b4 Re7 28.
Rbc1 Qb6 29. c5 dxc5 30. bxc5 Qc7 31. e5 Nd7 32. Ne4 Qa5 33. Qd4 Qc7 34. Nc4
Nf8 35. Ncd6 Ne6 36. Qb2 N8g7 37. Ra1 Rxa1 38. Rxa1 Qb8 39. Nf6+ Kh8 40. Bxc6
Nxc5 41. Qb6 1-0

[Event "42nd POL-ch"]
[Site "Gdynia POL"]
[Date "1985.02.17"]
[Round "10"]
[White "Pytel, Krzysztof"]
[Black "Kuczynski, Robert"]
[Result "1-0"]
[WhiteElo "2405"]
[BlackElo "2415"]
[PlyCount "71"]
[EventDate "1985.02.07"]

1. Nf3 Nf6 2. g3 c5 3. Bg2 Nc6 4. c4 d5 5. O-O e5 6. cxd5 Nxd5 7. Nc3 Be6 8. b3
Be7 9. Bb2 f6 10. Rc1 Qd7 11. Nh4 Nb6 12. Ne4 c4 13. bxc4 Nxc4 14. Ba1 O-O 15.
d3 Nb6 16. Qd2 Na4 17. Rb1 f5 18. Ng5 Bxg5 19. Qxg5 Bxa2 20. Rb5 Rae8 21. Bxc6
bxc6 22. Ra5 Bb3 23. Qc1 Nb6 24. Qa3 Bd5 25. Rxa7 Qe6 26. f4 Nd7 27. Qc3 Rf6
28. fxe5 Nxe5 29. Qc5 Rf7 30. Rxf7 Nxf7 31. Qc3 Qe3+ 32. Rf2 Re5 33. Nxf5 Qg5
34. e4 g6 35. Nh4 Qg4 36. Nf3 1-0

[Event "42nd POL-ch"]
[Site "Gdynia POL"]
[Date "1985.02.17"]
[Round "10"]
[White "Sygulski, Artur"]
[Black "Staniszewski, Piotr"]
[Result "1/2-1/2"]
[WhiteElo "2445"]
[BlackElo "2365"]
[PlyCount "84"]
[EventDate "1985.02.07"]

1. d4 Nf6 2. Nf3 e6 3. g3 c5 4. Bg2 cxd4 5. O-O d5 6. Nxd4 e5 7. Nf3 Nc6 8. c4
d4 9. e3 d3 10. Nc3 Be6 11. Bd2 h6 12. Qa4 Nd7 13. Ne1 Rc8 14. Nd5 Nc5 15. Qd1
b5 16. cxb5 Bxd5 17. bxc6 Bxg2 18. Kxg2 Qd5+ 19. f3 e4 20. b4 exf3+ 21. Qxf3
Ne4 22. b5 Bd6 23. Nxd3 f5 24. Nf2 O-O 25. Nxe4 fxe4 26. Qe2 Rf3 27. Rad1 Qxa2
28. Rxf3 exf3+ 29. Kxf3 Qd5+ 30. Kf2 Bc5 31. Rc1 Kh8 32. Kg1 a6 33. Qc4 Qxd2
34. Qxc5 axb5 35. c7 Qd7 36. e4 Kh7 37. e5 b4 38. Qc2+ g6 39. Qc4 b3 40. e6 Qe7
41. Rf1 b2 42. Qb5 Qxe6 1/2-1/2

[Event "42nd POL-ch"]
[Site "Gdynia POL"]
[Date "1985.02.17"]
[Round "10"]
[White "Tomaszewski, Roman"]
[Black "Adamski, Jan"]
[Result "1/2-1/2"]
[WhiteElo "2405"]
[BlackElo "2450"]
[PlyCount "32"]
[EventDate "1985.02.07"]

1. d4 d5 2. c4 dxc4 3. Nf3 a6 4. e3 Nf6 5. Bxc4 e6 6. Qe2 c5 7. dxc5 Bxc5 8.
Nc3 b5 9. Bd3 Nbd7 10. O-O Bb7 11. e4 Qb8 12. Bg5 Bd6 13. Rad1 O-O 14. Bb1 Bf4
15. Bxf4 Qxf4 16. Rd4 Ne5 1/2-1/2

[Event "42nd POL-ch"]
[Site "Gdynia POL"]
[Date "1985.02.17"]
[Round "10"]
[White "Zolnierowicz, Krzysztof"]
[Black "Jasnikowski, Zbigniew"]
[Result "1-0"]
[WhiteElo "2270"]
[BlackElo "2405"]
[PlyCount "61"]
[EventDate "1985.02.07"]

1. e4 c5 2. Nf3 e6 3. d4 cxd4 4. Nxd4 a6 5. Bd3 Nf6 6. O-O d6 7. c4 Be7 8. Nc3
O-O 9. Kh1 Nc6 10. Be3 Nxd4 11. Bxd4 b6 12. f4 Bb7 13. e5 Nd7 14. Qh5 g6 15.
Qh6 dxe5 16. fxe5 Bg5 17. Qh3 Rc8 18. Rad1 Qe7 19. Be4 Nc5 20. Bxb7 Qxb7 21.
Qg4 Be7 22. Qf4 b5 23. b4 Na4 24. Ne4 Rxc4 25. Nf6+ Kg7 26. Rf3 h6 27. Rdf1
Bxf6 28. exf6+ Kh7 29. Rh3 h5 30. Qg5 Kg8 31. Qh6 1-0

[Event "42nd POL-ch"]
[Site "Gdynia POL"]
[Date "1985.02.18"]
[Round "11"]
[White "Adamski, Jan"]
[Black "Dejkalo, Stefan"]
[Result "1/2-1/2"]
[WhiteElo "2450"]
[BlackElo "2325"]
[PlyCount "114"]
[EventDate "1985.02.07"]

1. d4 Nf6 2. c4 e6 3. g3 d5 4. Bg2 dxc4 5. Qa4+ Nbd7 6. Nd2 Be7 7. Nxc4 O-O 8.
Nf3 c5 9. O-O cxd4 10. Rd1 Nc5 11. Qa3 d3 12. Be3 Qc7 13. Bf4 Qd8 14. Be3 Qc7
15. Bf4 Qd8 16. Nfe5 Nd5 17. Nxd3 Nxd3 18. Qxd3 Nxf4 19. gxf4 Qb6 20. Ne5 Qxb2
21. Rab1 Qa3 22. Bxb7 Qxd3 23. Rxd3 Rb8 24. Rdb3 Bc5 25. Nc6 Rxb7 26. Rxb7 Bxb7
27. Rxb7 f5 28. e3 Rf7 29. Rb8+ Rf8 30. Rb5 Bd6 31. Nxa7 Ra8 32. Rb7 Bc5 33.
Nb5 Rxa2 34. Nc7 Ra7 35. Rxa7 Bxa7 36. Nxe6 Kf7 37. Nd4 Kf8 38. Kf1 Bb6 39. Ke2
Kf7 40. Kd3 Ke7 41. Kc4 Kd6 42. Nf3 Ba5 43. Ne5 Ke6 44. Kc5 Bc7 45. Nf3 h6 46.
h3 Kf6 47. Kc6 Ba5 48. Kd5 g5 49. fxg5+ hxg5 50. Ne5 Bc7 51. Nd7+ Ke7 52. Nc5
g4 53. hxg4 fxg4 54. Ne4 Bh2 55. Kd4 Ke6 56. Kd3 Bc7 57. Ng3 Ke5 1/2-1/2

[Event "42nd POL-ch"]
[Site "Gdynia POL"]
[Date "1985.02.18"]
[Round "11"]
[White "Kojder, Konrad"]
[Black "Tomaszewski, Roman"]
[Result "1/2-1/2"]
[WhiteElo "2370"]
[BlackElo "2405"]
[PlyCount "56"]
[EventDate "1985.02.07"]

1. d4 d5 2. Bg5 g6 3. Nc3 Bg7 4. Qd3 c5 5. dxc5 h6 6. Bh4 d4 7. Nb5 Qa5+ 8. c3
Bd7 9. Nxd4 Qxc5 10. e3 Nf6 11. Nb3 Qb6 12. Nf3 O-O 13. Be2 a5 14. Qd4 Qc7 15.
Bg3 Qc8 16. Qc4 a4 17. Nbd4 Qxc4 18. Bxc4 Rc8 19. Nd2 a3 20. bxa3 Rxa3 21. Bxb8
Rxb8 22. Bb3 Rc8 23. c4 Ng4 24. Ke2 Ra5 25. h3 Ne5 26. Rab1 Nc6 27. Nxc6 Bxc6
28. f3 e6 1/2-1/2

[Event "42nd POL-ch"]
[Site "Gdynia POL"]
[Date "1985.02.18"]
[Round "11"]
[White "Kuczynski, Robert"]
[Black "Cichocki, Adam"]
[Result "1-0"]
[WhiteElo "2415"]
[BlackElo "2250"]
[PlyCount "56"]
[EventDate "1985.02.07"]

1. e4 e6 2. d4 d5 3. Nd2 Nf6 4. e5 Nfd7 5. c3 c5 6. Bd3 Nc6 7. Ne2 cxd4 8. cxd4
f6 9. exf6 Nxf6 10. Nf3 Bd6 11. Nc3 O-O 12. O-O a6 13. Bg5 Qc7 14. Bh4 Nh5 15.
Rc1 g6 16. Re1 Qg7 17. Bb1 Bd7 18. Bg5 h6 19. Be3 Rf6 20. g3 Raf8 21. Nh4 Be8
22. Ng2 g5 23. Qg4 Kh8 24. h4 Rg8 25. Rcd1 Bf7 26. Bc2 Ne7 27. Bc1 gxh4 28.
Qxg7+ Rxg7 1-0

[Event "42nd POL-ch"]
[Site "Gdynia POL"]
[Date "1985.02.18"]
[Round "11"]
[White "Pokojowczyk, Jerzy"]
[Black "Sygulski, Artur"]
[Result "1/2-1/2"]
[WhiteElo "2405"]
[BlackElo "2445"]
[PlyCount "25"]
[EventDate "1985.02.07"]

1. e4 e5 2. Nf3 Nc6 3. Bb5 a6 4. Ba4 Nf6 5. O-O Be7 6. Re1 b5 7. Bb3 d6 8. c3
O-O 9. h3 Re8 10. d4 Bf8 11. dxe5 Nxe5 12. Nxe5 dxe5 13. Qxd8 1/2-1/2

[Event "42nd POL-ch"]
[Site "Gdynia POL"]
[Date "1985.02.18"]
[Round "11"]
[White "Staniszewski, Piotr"]
[Black "Nowak, Ignacy"]
[Result "1/2-1/2"]
[WhiteElo "2365"]
[BlackElo "2395"]
[PlyCount "37"]
[EventDate "1985.02.07"]

1. e4 c5 2. Nf3 e6 3. d4 cxd4 4. Nxd4 Nf6 5. Nc3 d6 6. g4 h6 7. g5 hxg5 8. Bxg5
Nc6 9. Qd2 Qb6 10. Nb3 a6 11. O-O-O Bd7 12. Be3 Qc7 13. f4 b5 14. Bg2 Rc8 15.
Kb1 b4 16. Na4 Na5 17. Nb6 Nc4 18. Nxc4 Qxc4 19. Nd4 1/2-1/2

[Event "42nd POL-ch"]
[Site "Gdynia POL"]
[Date "1985.02.18"]
[Round "11"]
[White "Sygulski, Boguslaw"]
[Black "Pytel, Krzysztof"]
[Result "1/2-1/2"]
[WhiteElo "2270"]
[BlackElo "2405"]
[PlyCount "77"]
[EventDate "1985.02.07"]

1. d4 Nf6 2. c4 e6 3. Nf3 d5 4. Nc3 Bb4 5. Bg5 c5 6. e3 Nbd7 7. Rc1 Qa5 8. cxd5
exd5 9. dxc5 O-O 10. Nd2 Qxc5 11. a3 Bxc3 12. Rxc3 Qb6 13. Rb3 Qe6 14. Bxf6
Qxf6 15. Be2 Nc5 16. Rc3 Ne4 17. Nxe4 dxe4 18. O-O Be6 19. Qa4 Qe5 20. Rd1 Rfc8
21. Qxa7 Qxc3 22. Qxa8 Rxa8 23. bxc3 Kf8 24. Ra1 Rc8 25. Rc1 Ra8 26. f3 Rxa3
27. fxe4 Ke7 28. Bf3 b6 29. Kf2 Kd6 30. h4 Ke5 31. Rb1 Rb3 32. Rxb3 Bxb3 33.
Ke2 Bc2 34. g3 Bxe4 35. Bg4 f5 36. Bh3 h6 37. Kd2 g5 38. hxg5 hxg5 39. Bf1
1/2-1/2

[Event "42nd POL-ch"]
[Site "Gdynia POL"]
[Date "1985.02.18"]
[Round "11"]
[White "Szymczak, Zbigniew"]
[Black "Zolnierowicz, Krzysztof"]
[Result "1/2-1/2"]
[WhiteElo "2335"]
[BlackElo "2270"]
[PlyCount "30"]
[EventDate "1985.02.07"]

1. d4 Nf6 2. c4 e6 3. Nf3 Bb4+ 4. Bd2 Bxd2+ 5. Qxd2 d5 6. Nc3 O-O 7. e3 Nbd7 8.
Be2 dxc4 9. Bxc4 c5 10. O-O Nb6 11. Bb3 cxd4 12. Qxd4 Qxd4 13. Nxd4 Rd8 14.
Rfd1 Bd7 15. Kf1 Kf8 1/2-1/2

[Event "42nd POL-ch"]
[Site "Gdynia POL"]
[Date "1985.02.19"]
[Round "12"]
[White "Bany, Jerzy"]
[Black "Szymczak, Zbigniew"]
[Result "1/2-1/2"]
[WhiteElo "2435"]
[BlackElo "2335"]
[PlyCount "34"]
[EventDate "1985.02.07"]

1. c4 c5 2. Nf3 Nf6 3. g3 b6 4. Bg2 Bb7 5. O-O e6 6. Nc3 Be7 7. d4 cxd4 8. Qxd4
d6 9. Rd1 a6 10. Ng5 Bxg2 11. Kxg2 Nc6 12. Qf4 Ra7 13. Nce4 Rd7 14. Be3 Ne5 15.
Nxf6+ Bxf6 16. Ne4 Be7 17. Rac1 O-O 1/2-1/2

[Event "42nd POL-ch"]
[Site "Gdynia POL"]
[Date "1985.02.19"]
[Round "12"]
[White "Cichocki, Adam"]
[Black "Sygulski, Boguslaw"]
[Result "0-1"]
[WhiteElo "2250"]
[BlackElo "2270"]
[PlyCount "47"]
[EventDate "1985.02.07"]

1. d4 d5 2. Bg5 Nf6 3. Nd2 Qd6 4. Ngf3 Ne4 5. Bh4 Qb4 6. e3 Nxd2 7. Nxd2 Qxb2
8. Bd3 Nd7 9. O-O c6 10. c4 e6 11. cxd5 exd5 12. e4 Bb4 13. Nf3 dxe4 14. Bxe4
Bd6 15. Qd3 g6 16. a4 Qb6 17. Qe3 O-O 18. Qh6 Re8 19. Rae1 Bf8 20. Qf4 Re6 21.
d5 Bd6 22. Qc1 cxd5 23. Bxd5 Ne5 24. Nxe5 0-1

[Event "42nd POL-ch"]
[Site "Gdynia POL"]
[Date "1985.02.19"]
[Round "12"]
[White "Dejkalo, Stefan"]
[Black "Zolnierowicz, Krzysztof"]
[Result "1/2-1/2"]
[WhiteElo "2325"]
[BlackElo "2270"]
[PlyCount "28"]
[EventDate "1985.02.07"]

1. d4 Nf6 2. c4 e6 3. Nf3 b6 4. g3 Bb4+ 5. Bd2 Bxd2+ 6. Qxd2 Bb7 7. Bg2 O-O 8.
Nc3 Ne4 9. Qc2 d5 10. O-O Nxc3 11. Qxc3 Nd7 12. Rfd1 Rc8 13. cxd5 Bxd5 14. b4
Qe7 1/2-1/2

[Event "42nd POL-ch"]
[Site "Gdynia POL"]
[Date "1985.02.19"]
[Round "12"]
[White "Nowak, Ignacy"]
[Black "Pokojowczyk, Jerzy"]
[Result "0-1"]
[WhiteElo "2395"]
[BlackElo "2405"]
[PlyCount "81"]
[EventDate "1985.02.07"]

1. d4 Nf6 2. c4 e6 3. Nf3 c5 4. d5 exd5 5. cxd5 d6 6. Nc3 g6 7. Nd2 Bg7 8. e4
O-O 9. Be2 Na6 10. O-O Nc7 11. Kh1 b5 12. Nxb5 Nxb5 13. Bxb5 Ng4 14. Be2 Qh4
15. Bxg4 Bxg4 16. Qe1 Bd7 17. f3 Qe7 18. a4 Rab8 19. Ra2 Bc8 20. Qe2 Rb6 21.
Nc4 Ba6 22. Qc2 f5 23. Re1 Bxc4 24. Qxc4 Rb4 25. Qe2 fxe4 26. Bd2 Rd4 27. Bc3
Rxd5 28. Ra3 Bxc3 29. Rxc3 Rd4 30. Rc4 Qf7 31. Rxd4 exf3 32. Qxf3 cxd4 33.
Qxf7+ Kxf7 34. b4 Rc8 35. Kg1 Rc4 36. Rb1 d3 37. Kf2 Rc2+ 38. Kf3 Kf6 39. b5
Ra2 40. Rb4 Ke5 41. h4 0-1